Arkansas State Quiz - Statistics

General Stats
  • This quiz has been taken 192 times
  • The average score is 5 of 9
Answer Stats
Hint Answer % Correct
Capital Little Rock
100%
Third largest city Fayetteville
75%
Second largest city Fort Smith
75%
Above is on what river Arkansas River
62%
River near Texarkana Red River
55%
Highest point Magazine Mountain
53%
Above is formed by the damming of what river White River
41%
Above is in what mountain range? Ouachita Mountains
38%
Reservoir shared with Missouri Bull Shoals Lake
26%
No matching quizzes found
Score Distribution
Percent of People with Each Score
Percentile by Number Answered
Your Score History
You have not taken this quiz